00599 2200241 4500001002100000005001500021035002000036007000300056008004100059020001500100082001100115084001700126100001500143245003600158250001000194260004900204300003400253650002600287990001000313990001200323990001100335990001100346INLIS00000000000696920220614014023 a0010-0321000339ta220614 g 0 ind  a9792216324 a153.42 a153.42 TON m0 aTony Buzan1 aMind Maps at Work /cTony Buzan acet.2 aJakarta :bPT. Gramedia Pustaka Utama,c2006 ax, 194 hlm. ;c23 cm x 15 cm 4aPIKIRAN DAN PEMIKIRAN a10560 a10560 a a10560B a10560c